000 01767nam0a2200385 4500
001 RU\NLR\bibl\1047424
005 20260405064738.0
010 _a5-89902-112-7
_91500
035 _a(NLR Aleph) 001034768
090 _a781159
_c781159
100 _a20070216d1999 |||y0rusy50 ca
101 0 _arus
_aeng
_erus
_eeng
102 _aRU
105 _aa |||||||||
200 1 _aОсобняк князя Кочубея
_dThe prince Kotchubey mansion
_fТ. Соловьева, Г. Райков
_zeng
210 _aСанкт-Петербург
_cIcar
_d1999
215 _a117,[1] с.
_cил., цв. ил.
_d24
225 1 _aДворцы и судьбы
_dPalaces and fortunes
_zeng
300 _aТекст парал. на рус. и англ. яз.
311 _aЦикл изд. "Дворцы и судьбы"
488 0 _12001#$aДворцы и судьбы$eцикл
_tДворцы и судьбы
602 _aКочубеи (род)
_91440509
_3RU\NLR\auth\66609490
607 _aОсобняк князя Кочубея(Санкт-Петербург, город)
_xАрхитектура
_92465399
_3RU\NLR\auth\661464642
686 _aЩ113(2Р=Рус)92Петербург7
686 _aТ3(2-2СПб31)
700 1 _4070
_8rus
_7ca
_aСоловьева
_bТ. А.
_cисторик
_f1937-
_gТатьяна Алексеевна
_3RU\NLR\AUTH\7722766
_95821
701 1 _aРайков
_bГ.
_4070
702 1 _aКочубей
_bМ. В.
_f1816-1876
_gМихаил Викторович
_4570
801 0 _aRU
_bNLR
_c20070216
_gRCR
801 1 _aRU
_bNLR
_c20070216
942 _cBOOK
980 _aNB
981 4 3 _a(43) Тематическая подборка Санкт-Петербург
_b(43) Дворцы. Особняки. Дома